[Event "Alushta Autumn"]
[Site "Alushta"]
[Date "2013.09.05"]
[Round "4"]
[White "Iljin, Timofey"]
[Black "Belikov, Vladimir"]
[Result "0-1"]
[WhiteElo "2385"]
[BlackElo "2473"]
[PlyCount "116"]
[EventDate "2013.09.02"]
[EventType "tourn"]
[EventRounds "10"]
[EventCountry "UKR"]
[EventCategory "6"]
[SourceTitle "CBM 156 Extra"]
[Source "ChessBase"]
[SourceDate "2013.10.22"]
[SourceVersion "1"]
[SourceVersionDate "2013.10.22"]
[SourceQuality "1"]

1. d4 d5 2. c4 e6 3. Nc3 c6 4. e4 dxe4 5. Nxe4 Bb4+ 6. Bd2 Qxd4 7. Bxb4 Qxe4+ 8. Ne2 Na6 9. Bf8 Ne7 10. Bxg7 Rg8 11. Qd4 Qxd4 12. Bxd4 Nf5 13. Bc3 c5 14. 0-0-0 Nb4 15. Kb1 Bd7 16. a3 Nc6 17. b4 e5 18. bxc5 0-0-0 19. g3 Nh6 20. h3 Bf5+ 21. Kc1 Rxd1+ 22. Kxd1 Rd8+ 23. Kc1 Bd3 24. g4 Bxc4 25. Ng3 Be6 26. Ne4 f5 27. Nd6+ Kc7 28. Bg2 a6 29. gxf5 Nxf5 30. Nxf5 Bxf5 31. Bxc6 Kxc6 32. Bxe5 Kxc5 33. h4 Kc4 34. Rd1 Re8 35. f4 Kb3 36. Bd6 Rc8+ 37. Kd2 Bc2 38. Re1 Rd8 39. Re6 a5 40. Ke3 b5 41. h5 Rd7 42. h6 Kc4 43. Bf8 Rd3+ 44. Ke2 Rd8 45. Rc6+ Kb3 46. Bg7 Bd1+ 47. Ke3 Kxa3 48. f5 b4 49. f6 Rd7 50. Bf8 Rb7 51. Be7 Bb3 52. Rc3 Kb2 53. Rxb3+ Kxb3 54. Kd2 Kb2 55. Kd3 b3 56. f7 Rb8 57. f8Q Rxf8 58. Bxf8 Ka2 0-1

[Event "Alushta Autumn"]
[Site "Alushta"]
[Date "2013.09.02"]
[Round "1"]
[White "Belikov, Vladimir"]
[Black "Yandemirov, Valeri"]
[Result "1/2-1/2"]
[WhiteElo "2473"]
[BlackElo "2423"]
[PlyCount "32"]
[EventDate "2013.09.02"]
[EventType "tourn"]
[EventRounds "10"]
[EventCountry "UKR"]
[EventCategory "6"]
[SourceTitle "CBM 156 Extra"]
[Source "ChessBase"]
[SourceDate "2013.10.22"]
[SourceVersion "1"]
[SourceVersionDate "2013.10.22"]
[SourceQuality "1"]

1. e4 e5 2. Nf3 Nc6 3. Bb5 a6 4. Ba4 d6 5. c4 Bg4 6. h3 Bxf3 7. Bxc6+ bxc6 8. Qxf3 Nf6 9. Nc3 Nd7 10. d3 Nc5 11. 0-0 Ne6 12. Ne2 Be7 13. Be3 0-0 14. Qg4 Bg5 15. Bxg5 Qxg5 16. Qxg5 Nxg5 1/2-1/2

[Event "Alushta Summer GM1"]
[Site "Alushta"]
[Date "2013.06.07"]
[Round "6"]
[White "Belikov, Vladimir"]
[Black "Shtyrenkov, Veniamen"]
[Result "1/2-1/2"]
[WhiteElo "2477"]
[BlackElo "2329"]
[PlyCount "27"]
[EventDate "2013.06.03"]
[EventType "tourn"]
[EventRounds "10"]
[EventCountry "UKR"]
[EventCategory "6"]
[SourceTitle "CBM 154 Extra"]
[Source "ChessBase"]
[SourceDate "2013.06.25"]
[SourceVersion "2"]
[SourceVersionDate "2013.06.25"]
[SourceQuality "1"]

1. e4 e5 2. Nf3 Nc6 3. Bb5 a6 4. Ba4 Nf6 5. 0-0 Be7 6. Re1 b5 7. Bb3 0-0 8. c3 d6 9. h3 Na5 10. Bc2 c5 11. d4 Qc7 12. d5 Nc4 13. b3 Nb6 14. Nbd2 1/2-1/2

[Event "Alushta Summer GM1"]
[Site "Alushta"]
[Date "2013.06.07"]
[Round "5"]
[White "Iljin, Timofey"]
[Black "Belikov, Vladimir"]
[Result "0-1"]
[WhiteElo "2410"]
[BlackElo "2477"]
[PlyCount "82"]
[EventDate "2013.06.03"]
[EventType "tourn"]
[EventRounds "10"]
[EventCountry "UKR"]
[EventCategory "6"]
[SourceTitle "CBM 154 Extra"]
[Source "ChessBase"]
[SourceDate "2013.06.25"]
[SourceVersion "2"]
[SourceVersionDate "2013.06.25"]
[SourceQuality "1"]

1. d4 d5 2. c4 e6 3. Nc3 c6 4. e4 dxe4 5. Nxe4 Bb4+ 6. Bd2 Qxd4 7. Bxb4 Qxe4+ 8. Be2 Na6 9. Bd6 Bd7 10. Nf3 c5 11. 0-0 Bc6 12. Re1 0-0-0 13. Bf1 Qg4 14. Ne5 Qxd1 15. Raxd1 Nh6 16. Nxc6 bxc6 17. b4 cxb4 18. c5 Nc7 19. Re4 a5 20. a3 Nb5 21. axb4 a4 22. Ra1 Kb7 23. Be5 f6 24. Bb2 Rd2 25. Bc1 Rd1 26. Rxe6 Nf5 27. g4 Nbd4 28. gxf5 Nxe6 29. fxe6 Re8 30. Kg2 Rxe6 31. b5 Ree1 32. Rxa4 Rxc1 33. bxc6+ Kxc6 34. Bd3 h6 35. Ra7 Rg1+ 36. Kf3 Rxc5 37. Be4+ Kd6 38. Kf4 Rh5 39. Ra6+ Kc7 40. Ra7+ Kb6 41. Rb7+ Ka6 0-1

[Event "Alushta Summer 1st"]
[Site "Alushta"]
[Date "2012.06.07"]
[Round "8"]
[White "Shtyrenkov, Veniamen"]
[Black "Belikov, Vladimir"]
[Result "1/2-1/2"]
[WhiteElo "2361"]
[BlackElo "2476"]
[PlyCount "24"]
[EventDate "2012.06.02"]
[EventType "tourn"]
[EventRounds "11"]
[EventCountry "UKR"]
[EventCategory "6"]
[SourceTitle "CBM 148 Extra"]
[Source "ChessBase"]
[SourceDate "2012.06.22"]
[SourceVersion "1"]
[SourceVersionDate "2012.06.22"]
[SourceQuality "1"]

1. e4 e5 2. Nf3 Nf6 3. Nxe5 d6 4. Nf3 Nxe4 5. Qe2 Qe7 6. d3 Nf6 7. Bg5 Qxe2+ 8. Bxe2 Be7 9. Nc3 c6 10. 0-0-0 Na6 11. d4 Nc7 12. Rhe1 Be6 1/2-1/2

[Event "Alushta Autumn 1st"]
[Site "Alushta"]
[Date "2011.09.06"]
[Round "5"]
[White "Belikov, Vladimir"]
[Black "Omar, Noaman"]
[Result "1/2-1/2"]
[WhiteElo "2479"]
[BlackElo "2288"]
[PlyCount "53"]
[EventDate "2011.09.02"]
[EventType "tourn"]
[EventRounds "11"]
[EventCountry "UKR"]
[EventCategory "5"]
[SourceTitle "EXT 2014"]
[Source "ChessBase"]
[SourceDate "2013.11.20"]
[SourceVersion "1"]
[SourceVersionDate "2013.11.20"]
[SourceQuality "1"]

1. d4 d5 2. c4 e6 3. Nf3 Nf6 4. e3 Be7 5. b3 0-0 6. Bd3 c5 7. cxd5 Nxd5 8. 0-0 cxd4 9. Nxd4 Nd7 10. Bb2 Nc5 11. Be2 e5 12. Nc2 Bf6 13. Ba3 Be7 14. Bb2 Bf6 15. Ba3 Be7 16. Bc4 Nb6 17. Nc3 Nxc4 18. bxc4 Be6 19. Qe2 Qa5 20. Nd5 Bxd5 21. cxd5 Rfc8 22. Rfd1 Bd6 23. e4 Qa4 24. Bxc5 Rxc5 25. Ne1 Rac8 26. Rab1 b6 27. h3 1/2-1/2

[Event "Alushta Autumn 2nd"]
[Site "Alushta"]
[Date "2010.09.19"]
[Round "12"]
[White "Alaguzov, Maxat"]
[Black "Belikov, Vladimir"]
[Result "1/2-1/2"]
[WhiteElo "2347"]
[BlackElo "2483"]
[PlyCount "40"]
[EventDate "2010.09.14"]
[EventType "tourn"]
[EventRounds "13"]
[EventCountry "UKR"]
[EventCategory "4"]
[SourceTitle "CBM 138 Extra"]
[Source "ChessBase"]
[SourceDate "2010.10.29"]
[SourceVersion "1"]
[SourceVersionDate "2010.10.29"]
[SourceQuality "1"]

1. d4 Nf6 2. c4 e6 3. Nc3 Bb4 4. Qc2 d5 5. cxd5 exd5 6. Bg5 c5 7. e3 c4 8. Nge2 Nbd7 9. g3 0-0 10. Bg2 h6 11. Bxf6 Nxf6 12. 0-0 Bg4 13. f3 Be6 14. e4 Qd7 15. e5 Ne8 16. f4 Bf5 17. Qc1 Nc7 18. Rf2 b5 19. Nd1 Bd3 20. Ne3 f6 1/2-1/2

[Event "Alushta Autumn 2nd"]
[Site "Alushta"]
[Date "2010.09.16"]
[Round "3"]
[White "Prociuc, Evgenii"]
[Black "Belikov, Vladimir"]
[Result "0-1"]
[WhiteElo "2147"]
[BlackElo "2483"]
[PlyCount "69"]
[EventDate "2010.09.14"]
[EventType "tourn"]
[EventRounds "13"]
[EventCountry "UKR"]
[EventCategory "4"]
[SourceTitle "CBM 138 Extra"]
[Source "ChessBase"]
[SourceDate "2010.10.29"]
[SourceVersion "1"]
[SourceVersionDate "2010.10.29"]
[SourceQuality "1"]

1. e4 d6 2. d4 Nf6 3. Nc3 g6 4. Be3 a6 5. Qd2 b5 6. f3 Nbd7 7. Nge2 Bb7 8. g4 h6 9. Ng3 c5 10. 0-0-0 b4 11. Nce2 Qc7 12. Nf4 cxd4 13. Bf2 e5 14. Nd3 a5 15. Kb1 Nb6 16. h4 h5 17. gxh5 Nxh5 18. Nxh5 Rxh5 19. Bh3 Nc4 20. Qe2 Ba6 21. Bg4 Rh8 22. f4 Be7 23. f5 gxf5 24. exf5 Rb8 25. Qe1 Qb6 26. Ka1 a4 27. Nf4 Bb7 28. Bxd4 exd4 29. Ng6 Ne3 30. Nxh8 Nxc2+ 31. Kb1 Nxe1 32. Rhxe1 Kf8 33. h5 Bf6 34. Ng6+ fxg6 35. fxg6 0-1

[Event "Alushta Summer 2nd"]
[Site "Alushta"]
[Date "2010.06.08"]
[Round "7"]
[White "Belikov, Vladimir"]
[Black "Kovalenko, Igor"]
[Result "1-0"]
[WhiteElo "2491"]
[BlackElo "2503"]
[PlyCount "83"]
[EventDate "2010.06.02"]
[EventType "tourn"]
[EventRounds "11"]
[EventCountry "UKR"]
[EventCategory "6"]
[SourceTitle "CBM 137 Extra"]
[Source "ChessBase"]
[SourceDate "2010.09.01"]
[SourceVersion "1"]
[SourceVersionDate "2010.09.01"]
[SourceQuality "1"]

1. e4 d5 2. exd5 Qxd5 3. Nc3 Qd6 4. d4 Nf6 5. Nf3 Bg4 6. h3 Bh5 7. g4 Bg6 8. Ne5 Nbd7 9. Nb5 Qb6 10. Nc4 Qe6+ 11. Qe2 Qc6 12. Rg1 e6 13. Bd2 a6 14. Nc3 0-0-0 15. 0-0-0 Bb4 16. a3 Bxc3 17. Bxc3 Nd5 18. Be1 h5 19. Kb1 hxg4 20. hxg4 Rh2 21. Rc1 Nf4 22. Qe3 Qe4 23. Qxe4 Bxe4 24. f3 Bxf3 25. Bg3 Ne2 26. Bxh2 Nxg1 27. Bxg1 Bxg4 28. Bg2 g5 29. Re1 f6 30. Ne3 Bh5 31. d5 exd5 32. Nxd5 Bf7 33. Bh2 Rh8 34. Bg3 c6 35. Ne7+ Kd8 36. Nf5 Bg6 37. Nd6 Nc5 38. b4 Na4 39. Nxb7+ Kd7 40. Na5 Nc3+ 41. Kb2 Nd5 42. Nxc6 1-0

[Event "Alushta Summer 2nd"]
[Site "Alushta"]
[Date "2010.06.05"]
[Round "4"]
[White "Bogdanovich, Stanislav"]
[Black "Belikov, Vladimir"]
[Result "1-0"]
[WhiteElo "2441"]
[BlackElo "2491"]
[PlyCount "117"]
[EventDate "2010.06.02"]
[EventType "tourn"]
[EventRounds "11"]
[EventCountry "UKR"]
[EventCategory "6"]
[SourceTitle "CBM 137 Extra"]
[Source "ChessBase"]
[SourceDate "2010.09.01"]
[SourceVersion "1"]
[SourceVersionDate "2010.09.01"]
[SourceQuality "1"]

1. d4 Nf6 2. c4 e6 3. Nf3 d5 4. Bg5 Be7 5. e3 h6 6. Bh4 0-0 7. Nc3 Ne4 8. Bxe7 Qxe7 9. Rc1 Nxc3 10. Rxc3 c6 11. Bd3 dxc4 12. Rxc4 Nd7 13. 0-0 e5 14. Bb1 exd4 15. Rxd4 Nf6 16. Qc2 c5 17. Rh4 Rd8 18. e4 Nh7 19. e5 Nf8 20. h3 Be6 21. Rh5 Rd7 22. Qc1 Rad8 23. Kh2 Ng6 24. Qe3 b5 25. Re1 c4 26. Qe4 Qb4 27. Re2 a5 28. a3 Qc5 29. Qe3 Qxe3 30. fxe3 b4 31. axb4 axb4 32. Kg3 Rd1 33. Bc2 Rf1 34. Bxg6 fxg6 35. Rh4 g5 36. Rd4 Rxd4 37. Nxd4 Kf7 38. Rc2 b3 39. Re2 c3 40. bxc3 Rb1 41. Kf3 Rc1 42. Ke4 Rxc3 43. Rb2 Bc4 44. Rf2+ Ke8 45. e6 Bd3+ 46. Ke5 Rc2 47. Rf7 b2 48. Rb7 Rc5+ 49. Kd6 b1Q 50. Rxb1 Bxb1 51. Kxc5 Ke7 52. Kd5 Kf6 53. Kd6 Bg6 54. e7 Be8 55. Ne6 Ba4 56. e4 h5 57. g4 h4 58. e5+ Kg6 59. Nc7 1-0

[Event "Alushta Summer 2nd"]
[Site "Alushta"]
[Date "2010.06.03"]
[Round "2"]
[White "Kovalev, Denis"]
[Black "Belikov, Vladimir"]
[Result "1-0"]
[WhiteElo "2460"]
[BlackElo "2491"]
[PlyCount "112"]
[EventDate "2010.06.02"]
[EventType "tourn"]
[EventRounds "11"]
[EventCountry "UKR"]
[EventCategory "6"]
[SourceTitle "CBM 137 Extra"]
[Source "ChessBase"]
[SourceDate "2010.09.01"]
[SourceVersion "1"]
[SourceVersionDate "2010.09.01"]
[SourceQuality "1"]

1. c4 e5 2. Nc3 Nf6 3. g3 Bb4 4. Bg2 0-0 5. Nf3 Nc6 6. 0-0 e4 7. Ng5 Bxc3 8. bxc3 Re8 9. f3 e3 10. d3 d5 11. Qb3 Na5 12. Qa3 c6 13. cxd5 cxd5 14. f4 Bg4 15. Nf3 Nc6 16. h3 Bxf3 17. Bxf3 h5 18. Bb2 Qd7 19. Kh2 Rad8 20. Rac1 Qc7 21. c4 d4 22. Qc5 h4 23. Bxc6 hxg3+ 24. Kxg3 bxc6 25. Bxd4 Rxd4 26. Qxd4 c5 27. Qb2 Nh5+ 28. Kg2 Nxf4+ 29. Rxf4 Qxf4 30. Rf1 Qg5+ 31. Kh2 Qh5 32. Rg1 g6 33. Rg4 Qf5 34. Qb7 Qf2+ 35. Rg2 Qf4+ 36. Rg3 Qf2+ 37. Rg2 Qf4+ 38. Rg3 a5 39. Qc6 Qf2+ 40. Rg2 Qf4+ 41. Rg3 Qf2+ 42. Rg2 Qf4+ 43. Rg3 Qe5 44. Qd5 Qc7 45. Kg2 Kg7 46. Rf3 Re6 47. h4 Qe7 48. Qg5 Qxg5+ 49. hxg5 a4 50. Kg3 a3 51. Kf4 f6 52. gxf6+ Kxf6 53. Rxe3 g5+ 54. Kf3 Rb6 55. Re8 Rb2 56. Rc8 Rxa2 1-0

[Event "Alushta Summer 2nd"]
[Site "Alushta"]
[Date "2010.06.02"]
[Round "1"]
[White "Belikov, Vladimir"]
[Black "Iljin, Timofey"]
[Result "1/2-1/2"]
[WhiteElo "2491"]
[BlackElo "2412"]
[PlyCount "21"]
[EventDate "2010.06.02"]
[EventType "tourn"]
[EventRounds "11"]
[EventCountry "UKR"]
[EventCategory "6"]
[SourceTitle "CBM 137 Extra"]
[Source "ChessBase"]
[SourceDate "2010.09.01"]
[SourceVersion "1"]
[SourceVersionDate "2010.09.01"]
[SourceQuality "1"]

1. g3 d5 2. f4 g6 3. Nf3 Bg7 4. Bg2 Nf6 5. 0-0 0-0 6. d4 c5 7. c3 Nc6 8. dxc5 b6 9. Nd4 Nxd4 10. cxd4 bxc5 11. dxc5 1/2-1/2

[Event "Alushta Summer 3rd"]
[Site "Alushta"]
[Date "2010.??.??"]
[Round "10"]
[White "Mammadov, Zaur Fazahir Oglu"]
[Black "Belikov, Vladimir"]
[Result "1/2-1/2"]
[WhiteElo "2222"]
[BlackElo "2491"]
[PlyCount "32"]
[EventDate "2010.06.15"]
[EventType "tourn"]
[EventRounds "14"]
[EventCountry "UKR"]
[EventCategory "5"]
[SourceTitle "CBM 137 Extra"]
[Source "ChessBase"]
[SourceDate "2010.09.01"]
[SourceVersion "1"]
[SourceVersionDate "2010.09.01"]
[SourceQuality "1"]

1. e4 d6 2. d4 Nf6 3. Bd3 e5 4. Nf3 exd4 5. Nxd4 g6 6. 0-0 Bg7 7. c4 0-0 8. Nc3 Nc6 9. Nc2 Nd7 10. Be3 Nc5 11. Be2 f5 12. exf5 Bxf5 13. Nd4 Nxd4 14. Bxd4 Bh6 15. Nd5 c6 16. Ne3 Be6 1/2-1/2

[Event "Alushta Summer 3rd"]
[Site "Alushta"]
[Date "2010.??.??"]
[Round "8"]
[White "Shtyrenkov, Veniamen"]
[Black "Belikov, Vladimir"]
[Result "1/2-1/2"]
[WhiteElo "2393"]
[BlackElo "2491"]
[PlyCount "23"]
[EventDate "2010.06.15"]
[EventType "tourn"]
[EventRounds "14"]
[EventCountry "UKR"]
[EventCategory "5"]
[SourceTitle "CBM 137 Extra"]
[Source "ChessBase"]
[SourceDate "2010.09.01"]
[SourceVersion "1"]
[SourceVersionDate "2010.09.01"]
[SourceQuality "1"]

1. e4 e5 2. Nf3 Nf6 3. Nxe5 d6 4. Nf3 Nxe4 5. Qe2 Qe7 6. d3 Nf6 7. Bg5 Qxe2+ 8. Bxe2 Be7 9. Nc3 c6 10. 0-0-0 Na6 11. d4 Nc7 12. Rhe1 1/2-1/2

[Event "Alushta Summer 3rd"]
[Site "Alushta"]
[Date "2010.??.??"]
[Round "12"]
[White "Sysoenko, Aleksey"]
[Black "Belikov, Vladimir"]
[Result "0-1"]
[WhiteElo "2266"]
[BlackElo "2491"]
[PlyCount "68"]
[EventDate "2010.06.15"]
[EventType "tourn"]
[EventRounds "14"]
[EventCountry "UKR"]
[EventCategory "5"]
[SourceTitle "CBM 137 Extra"]
[Source "ChessBase"]
[SourceDate "2010.09.01"]
[SourceVersion "1"]
[SourceVersionDate "2010.09.01"]
[SourceQuality "1"]

1. Nf3 d6 2. g3 e5 3. d3 g6 4. Bg2 Bg7 5. 0-0 Ne7 6. c4 0-0 7. Nc3 f5 8. Rb1 h6 9. Ne1 g5 10. f4 exf4 11. gxf4 g4 12. e4 Nbc6 13. Nc2 Be6 14. Nd5 Qd7 15. Be3 a5 16. b3 Ng6 17. a3 Nh4 18. Bh1 Rae8 19. Bf2 Nf3+ 20. Bxf3 gxf3 21. Qxf3 Kh7 22. Kh1 fxe4 23. dxe4 Bg4 24. Qd3 Ne5 25. fxe5 Bf3+ 26. Kg1 Qh3 27. Ne1 Rxe5 28. Nxf3 Rxf3 29. Qxf3 Qxf3 30. Bg3 Qxe4 31. Bxe5 Bxe5 32. h3 c6 33. Nc7 Qc2 34. Rfe1 Bg3 0-1

[Event "Alushta September-A"]
[Site "Alushta"]
[Date "2009.09.??"]
[Round "7"]
[White "Belikov, Vladimir"]
[Black "Amanov, Zhanibek"]
[Result "1/2-1/2"]
[WhiteElo "2502"]
[BlackElo "2392"]
[PlyCount "153"]
[EventDate "2009.09.??"]
[EventType "tourn"]
[EventRounds "11"]
[EventCountry "UKR"]
[EventCategory "6"]
[SourceTitle "CBM 132 Extra"]
[Source "ChessBase"]
[SourceDate "2009.11.03"]
[SourceVersion "1"]
[SourceVersionDate "2009.11.03"]
[SourceQuality "1"]

1. e4 c5 2. Nf3 Nc6 3. d4 cxd4 4. Nxd4 g6 5. Nc3 Bg7 6. Nb3 Nf6 7. Be2 0-0 8. 0-0 d6 9. Re1 a6 10. Bf1 b5 11. Nd5 Nd7 12. c3 e6 13. Ne3 Nb6 14. f4 Qc7 15. g3 Bb7 16. Bg2 Rad8 17. Qe2 Ne7 18. Rd1 e5 19. fxe5 dxe5 20. Rxd8 Rxd8 21. Ng4 f6 22. Nh6+ Kf8 23. Be3 Na4 24. Rc1 Bc8 25. c4 b4 26. c5 Ng8 27. Nxg8 Kxg8 28. c6 Bf8 29. Bf1 Kg7 30. Qc2 Be7 31. Be2 Rd6 32. Kg2 Rd8 33. h3 h5 34. h4 Bf8 35. Nd2 Nc5 36. Nf3 Ne6 37. Qa4 Nd4 38. Nxd4 exd4 39. Bf4 Bd6 40. Bxd6 Qxd6 41. Bxa6 Qe6 42. Bxc8 Qxe4+ 43. Kh3 Rxc8 44. Qa7+ Kh6 45. Qd7 Re8 46. Rd1 Re6 47. Qxd4 Qf5+ 48. Kg2 Rxc6 49. Qf4+ Qxf4 50. gxf4 Rc2+ 51. Kg3 Rxb2 52. Rd4 Kg7 53. Rd7+ Kf8 54. Rb7 Ke8 55. Kf3 Kd8 56. Ra7 Ke8 57. Rb7 Rxa2 58. Rxb4 Ra3+ 59. Kg2 Ke7 60. Re4+ Kd6 61. Re8 Kd5 62. Re7 Kd4 63. Re6 f5 64. Rxg6 Ke4 65. Rg5 Kxf4 66. Rxh5 Ra2+ 67. Kg1 Ke4 68. Rh8 f4 69. h5 Kf3 70. h6 Rg2+ 71. Kf1 Rh2 72. Kg1 Rh5 73. h7 Rh6 74. Ra8 Rxh7 75. Ra3+ Kg4 76. Kg2 Rb7 77. Kf2 1/2-1/2

[Event "Alushta September-A"]
[Site "Alushta"]
[Date "2009.09.??"]
[Round "5"]
[White "Belikov, Vladimir"]
[Black "Polivanov, Anatoliy"]
[Result "1-0"]
[WhiteElo "2502"]
[BlackElo "2382"]
[PlyCount "97"]
[EventDate "2009.09.??"]
[EventType "tourn"]
[EventRounds "11"]
[EventCountry "UKR"]
[EventCategory "6"]
[SourceTitle "CBM 132 Extra"]
[Source "ChessBase"]
[SourceDate "2009.11.03"]
[SourceVersion "1"]
[SourceVersionDate "2009.11.03"]
[SourceQuality "1"]

1. d4 Nf6 2. Nf3 e6 3. e3 c5 4. c4 g6 5. Nc3 Bg7 6. dxc5 Na6 7. c6 bxc6 8. e4 0-0 9. Be2 Nc5 10. e5 Nfe4 11. Nxe4 Nxe4 12. 0-0 f6 13. Qc2 Ng5 14. Rd1 Nxf3+ 15. Bxf3 Rb8 16. Bxc6 Qc7 17. exf6 Bxf6 18. Be4 Ba6 19. Rb1 Qxc4 20. Qxc4 Bxc4 21. b3 Bb5 22. Bf4 Rbd8 23. Bd6 Rf7 24. Rbc1 Be2 25. Re1 Ba6 26. Red1 Be2 27. Re1 Ba6 28. Rc2 Bd4 29. Rec1 Bb5 30. h4 Bc6 31. Bd3 Kg7 32. Re2 Re8 33. Rc4 Bb6 34. Rg4 e5 35. h5 Rf6 36. Bxe5 Rxe5 37. Rxe5 Rxf2 38. Kh1 Rd2 39. Re7+ Kf6 40. Rxh7 gxh5 41. Rg6+ Ke5 42. Rxh5+ Kd4 43. Be4 Rd1+ 44. Kh2 Bc7+ 45. Kh3 Bxe4 46. Rg7 Ke3 47. Re7 Bd8 48. Re8 Kf4 49. Rf8+ 1-0

[Event "Alushta September-A"]
[Site "Alushta"]
[Date "2009.09.??"]
[Round "4"]
[White "Diulger, Alexey"]
[Black "Belikov, Vladimir"]
[Result "1/2-1/2"]
[WhiteElo "2374"]
[BlackElo "2502"]
[PlyCount "50"]
[EventDate "2009.09.??"]
[EventType "tourn"]
[EventRounds "11"]
[EventCountry "UKR"]
[EventCategory "6"]
[SourceTitle "CBM 132 Extra"]
[Source "ChessBase"]
[SourceDate "2009.11.03"]
[SourceVersion "1"]
[SourceVersionDate "2009.11.03"]
[SourceQuality "1"]

1. d4 d6 2. Nf3 g6 3. c4 Bg7 4. Nc3 Bg4 5. e4 Bxf3 6. gxf3 Nc6 7. Be3 e5 8. d5 Nd4 9. Nb5 c6 10. Nxd4 exd4 11. Bxd4 Qa5+ 12. Ke2 Nf6 13. Bc3 Qc7 14. Qd2 0-0 15. Kd1 a6 16. Rc1 Rfb8 17. Bd3 Qd7 18. Qg5 Nh5 19. Rg1 Qh3 20. Qg4 Qxh2 21. Rg2 Qf4 22. Bd2 Qf6 23. Bc3 Qf4 24. Bd2 Qf6 25. Bc3 Qf4 1/2-1/2

[Event "Alushta September-B"]
[Site "Alushta"]
[Date "2009.09.??"]
[Round "4"]
[White "Pavlov, Maxim"]
[Black "Belikov, Vladimir"]
[Result "1-0"]
[WhiteElo "2371"]
[BlackElo "2506"]
[PlyCount "49"]
[EventDate "2009.09.??"]
[EventType "tourn"]
[EventRounds "11"]
[EventCountry "UKR"]
[EventCategory "5"]
[SourceTitle "CBM 132 Extra"]
[Source "ChessBase"]
[SourceDate "2009.11.03"]
[SourceVersion "1"]
[SourceVersionDate "2009.11.03"]
[SourceQuality "1"]

1. Nf3 d6 2. e4 Nf6 3. Nc3 g6 4. d4 Bg7 5. h3 c6 6. a4 a5 7. Be3 Na6 8. Bc4 Nb4 9. Bb3 0-0 10. Qd2 b6 11. 0-0 Ba6 12. Rfe1 Qc7 13. Bf4 Nh5 14. Bh6 Rad8 15. Bxg7 Kxg7 16. d5 Nf6 17. dxc6 Qxc6 18. Nd5 Qc5 19. Nxe7 Rfe8 20. Nf5+ Kh8 21. Qh6 Rg8 22. Ng5 Bc4 23. Bxc4 Qxc4 24. Re3 Qc7 25. Rf3 1-0

[Event "Alushta June-A"]
[Site "Alushta"]
[Date "2009.06.??"]
[Round "11"]
[White "Amanov, Zhanibek"]
[Black "Belikov, Vladimir"]
[Result "0-1"]
[WhiteElo "2390"]
[BlackElo "2505"]
[PlyCount "72"]
[EventDate "2009.06.02"]
[EventType "tourn"]
[EventRounds "13"]
[EventCountry "UKR"]
[EventCategory "6"]
[SourceTitle "CBM 130 Extra"]
[Source "ChessBase"]
[SourceDate "2009.07.02"]
[SourceVersion "2"]
[SourceVersionDate "2009.07.15"]
[SourceQuality "1"]

1. e4 e5 2. Nf3 Nc6 3. Bb5 Nf6 4. Qe2 Bc5 5. c3 0-0 6. d3 Re8 7. Bg5 h6 8. Bh4 g5 9. Bg3 d6 10. Nbd2 a6 11. Ba4 Kg7 12. Nf1 b5 13. Bb3 d5 14. N1d2 d4 15. h3 Rb8 16. 0-0 g4 17. hxg4 Bxg4 18. Rfc1 dxc3 19. bxc3 Nh5 20. Bh2 Qf6 21. Qf1 Bb6 22. Bd1 Rbd8 23. Ne1 Qg6 24. Kh1 Kh7 25. Bf3 Nf6 26. Qe2 Rg8 27. Nf1 Bxf3 28. Qxf3 Ng4 29. Bg3 Rd6 30. Kg1 Rf6 31. Qe2 Rxf2 32. Bxf2 Bxf2+ 33. Qxf2 Nxf2 34. Kxf2 f5 35. Nd2 Qg3+ 36. Ke2 Qg4+ 0-1

[Event "Alushta June-A"]
[Site "Alushta"]
[Date "2009.06.??"]
[Round "1"]
[White "Belikov, Vladimir"]
[Black "Kovalev, Andrei"]
[Result "1/2-1/2"]
[WhiteElo "2505"]
[BlackElo "2515"]
[PlyCount "29"]
[EventDate "2009.06.02"]
[EventType "tourn"]
[EventRounds "13"]
[EventCountry "UKR"]
[EventCategory "6"]
[SourceTitle "CBM 130 Extra"]
[Source "ChessBase"]
[SourceDate "2009.07.02"]
[SourceVersion "2"]
[SourceVersionDate "2009.07.15"]
[SourceQuality "1"]

1. e4 e5 2. Nf3 Nc6 3. Bb5 a6 4. Ba4 b5 5. Bb3 Nf6 6. d3 Be7 7. 0-0 0-0 8. a4 Rb8 9. axb5 axb5 10. Nc3 d6 11. h3 Nd4 12. Nxd4 exd4 13. Ne2 c5 14. c3 dxc3 15. bxc3 1/2-1/2